Let's just say it wasn't pretty / (Record no. 2790)

MARC details
000 -LEADER
fixed length control field 02478cam a2200337 i 4500
001 - CONTROL NUMBER
control field 2790
003 - CONTROL NUMBER IDENTIFIER
control field FISKH
005 - DATE AND TIME OF LATEST TRANSACTION
control field 20240610145227.0
008 - FIXED-LENGTH DATA ELEMENTS--GENERAL INFORMATION
fixed length control field 140117s2014 nyu 000 0aeng
010 ## - LIBRARY OF CONGRESS CONTROL NUMBER
LC control number 2013048959
020 ## - INTERNATIONAL STANDARD BOOK NUMBER
International Standard Book Number 9780812994261
020 ## - INTERNATIONAL STANDARD BOOK NUMBER
Canceled/invalid ISBN 9780812994278 (ebook)
040 ## - CATALOGING SOURCE
Original cataloging agency DLC
Language of cataloging eng
Transcribing agency DLC
Description conventions rda
Modifying agency DLC
042 ## - AUTHENTICATION CODE
Authentication code pcc
050 00 - LIBRARY OF CONGRESS CALL NUMBER
Classification number PN2287.K44
Item number A3 2014
082 00 - DEWEY DECIMAL CLASSIFICATION NUMBER
Classification number 791.4302/8092
-- B
Edition number 23
100 1# - MAIN ENTRY--PERSONAL NAME
Personal name Keaton, Diane.
245 10 - TITLE STATEMENT
Title Let's just say it wasn't pretty /
Statement of responsibility, etc. Diane Keaton.
260 ## - PUBLICATION, DISTRIBUTION, ETC.
Place of publication, distribution, etc. New York :
Name of publisher, distributor, etc. Random House,
Date of publication, distribution, etc. 2014.
300 ## - PHYSICAL DESCRIPTION
Extent 192 pages ;
Dimensions 22 cm
336 ## - CONTENT TYPE
Content type term text
Source rdacontent
337 ## - MEDIA TYPE
Media type term unmediated
Source rdamedia
338 ## - CARRIER TYPE
Carrier type term volume
Source rdacarrier
520 ## - SUMMARY, ETC.
Summary, etc. Diane Keaton has spent a lifetime coloring outside the lines of the conventional notion of beauty. In Let's Just Say It Wasn't Pretty, she shares the wisdom she's accumulated through the years as a mother, daughter, actress, artist, and international style icon. This is a book only Diane Keaton could write a smart and funny chronicle of the ups and downs of living and working in a world obsessed with beauty.<br/> <br/>In her one-of-a-kind voice, Keaton offers up a message of empowerment for anyone who's ever dreamed of kicking back against the should and supposed to that undermine our pursuit of beauty in all its forms. From a mortifying encounter with a makeup artist who tells her she needs to get her eyes fixed to an awkward excursion to Victoria's Secret with her teenage daughter, Keaton shares funny and not-so-funny moments from her life in and out of the public eye.<br/> <br/>For Diane Keaton, being beautiful starts with being true to who you are, and in this book she also offers self-knowing commentary on the bold personal choices she's made through the years: the wide-brimmed hats, outrageous shoes, and all-weather turtlenecks that have made her an inspiration to anyone who cherishes truly individual style and catnip to paparazzi worldwide. She recounts her experiences with the many men in her life including Warren Beatty, Jack Nicholson, Al Pacino, and Sam Shepard shows how our ideals of beauty change as we age, and explains why a life well lived may be the most beautiful thing of all.<br/>
600 10 - SUBJECT ADDED ENTRY--PERSONAL NAME
Personal name Keaton, Diane.
650 #0 - SUBJECT ADDED ENTRY--TOPICAL TERM
Topical term or geographic name entry element Motion picture actors and actresses
Geographic subdivision United States
Form subdivision Biography.
650 #0 - SUBJECT ADDED ENTRY--TOPICAL TERM
Topical term or geographic name entry element Body image in women.
650 #0 - SUBJECT ADDED ENTRY--TOPICAL TERM
Topical term or geographic name entry element Beauty, Personal.
906 ## - LOCAL DATA ELEMENT F, LDF (RLIN)
a 7
b cbc
c orignew
d 1
e ecip
f 20
g y-gencatlg
942 ## - ADDED ENTRY ELEMENTS (KOHA)
Source of classification or shelving scheme Dewey Decimal Classification
Koha item type Books
Suppress in OPAC No
Holdings
Withdrawn status Lost status Source of classification or shelving scheme Damaged status Not for loan Collection Home library Current library Shelving location Date acquired Total Checkouts Full call number Barcode Date last seen Date last checked out Price effective from Koha item type
    Dewey Decimal Classification     Non-Fiction Footprints International School Library Network Toul Kork Campus Footprints International School Library Network Toul Kork Campus A TK Campus, 4th Floor, Room B401, Fiction Bookcases (1-6) 01/15/2024 1 KEA 791.4302 PN2287.K44 FISSE04444 06/11/2024 05/03/2024 01/15/2024 Books